书目信息 |
| 题名: |
2013全国两会记者会实录
|
|
| 作者: | ;新华社 编 | |
| 分册: | ||
| 出版信息: | 北京 人民出版社 2013.03 |
|
| 页数: | 368页 | |
| 开本: | 21cm | |
| 丛书名: | ||
| 单 册: | ||
| 中图分类: | D622 , D627 | |
| 科图分类: | ||
| 主题词: | ||
| 电子资源: | ||
| ISBN: | 978-7-01-011860-4 | |
| 000 | 00940nam0 2200289 450 | |
| 001 | 012013046760 | |
| 005 | 20130608104533.73 | |
| 010 | @a978-7-01-011860-4@dCNY25.00 | |
| 100 | @a20130513d2013 em y0chiy0110 ea | |
| 101 | 0 | @achi |
| 102 | @aCN@b110000 | |
| 105 | @aa z 000zy | |
| 106 | @ar | |
| 200 | 1 | @a2013全国两会记者会实录@92013 quan guo liang hui ji zhe hui shi lu@f新华社中央新闻采访中心编 |
| 210 | @a北京@c人民出版社@d2013.03 | |
| 215 | @a368页@c照片@d21cm | |
| 330 | @a本书收入了十二届全国人大一次会议记者会实录15篇和全国政协十二届一次会议记者会实录4篇。 | |
| 333 | @a党员干部 | |
| 601 | 02 | @a全国人民代表大会@y中国@z2013@j学习参考资料 |
| 601 | 02 | @a中国人民政治协商会议@z2013@j学习参考资料 |
| 601 | 02 | @a全国人民代表大会 |
| 601 | 02 | @a中国人民政治协商会议 |
| 690 | @aD622@v5 | |
| 690 | @aD627@v5 | |
| 711 | 02 | @a新华社@9xin hua she@b中央新闻采访中心@4编 |
| 801 | 0 | @aCN@b人天书店@c20130513 |
| 905 | @dD622@e51 | |
| 2013全国两会记者会实录/新华社中央新闻采访中心编.-北京:人民出版社,2013.03 |
| 368页:照片;21cm |
| 使用对象:党员干部 |
| ISBN 978-7-01-011860-4:CNY25.00 |
| 本书收入了十二届全国人大一次会议记者会实录15篇和全国政协十二届一次会议记者会实录4篇。 |
| ● |
| 相关链接 |
|
|
|
|
正题名:2013全国两会记者会实录
索取号:D622/51
 
预约/预借
| 序号 | 登录号 | 条形码 | 馆藏地/架位号 | 状态 | 备注 |
| 1 | 0544184 | 205441841 | 第一样本阅览室/ [索取号:D622/51] | 在馆 | |
| 2 | 0544185 | 205441850 | 第一借阅区/ [索取号:D622/51] | 在馆 | |
| 3 | 0544186 | 205441869 | 第一借阅区/ [索取号:D622/51] | 在馆 | |
| 4 | 0544187 | 205441878 | 第一借阅区/ [索取号:D622/51] | 在馆 | |
| 5 | 0544188 | 205441887 | 密集书库-史法系/ [索取号:D622/51] | 在馆 |